| 000 | 00779nam a22002177a 4500 | ||
|---|---|---|---|
| 999 |
_c20159 _d20159 |
||
| 003 | AR-CdUCM | ||
| 008 | 190527b ||||| |||| 00| 0 spa d | ||
| 040 |
_aMUNICIPALIDAD PROVINCIAL DEL CUSCO _cBIBLIOTECA MUNICIPAL DEL CUSCO |
||
| 082 |
_a348.602 / _bA58 |
||
| 100 |
_aAngulo A. Jorge M. _930887 |
||
| 245 | _aManual de legislación del trabajo y previsión social / | ||
| 260 |
_aPerú : _bTrujillo, _c1961. |
||
| 300 |
_a334 páginas ; _c25 cm. |
||
| 505 | _aContenido : Contrato de trabajo -- Jornada de trabajo -- Sueldos y salarios -- Campo de aplicación de la ley del empleado.. | ||
| 650 |
_aRégimen de trabajo _942155 |
||
| 650 |
_aobrero _930308 |
||
| 650 |
_aIndemnizaciones _942156 |
||
| 650 |
_aseguridad social _99350 |
||
| 942 |
_2ddc _cLIBROS |
||
| 945 | _arcc | ||